Responses for show #7151 - Monday, October 19, 2015

Contestants

Dean Meyer, a scientific editor from Winder, Georgia

Martin Schmidt, a consultant from Media, Pennsylvania

Josh Silverman, a graduate student from Miami, Florida (whose 2-day cash winnings total $34,800)

Jeopardy! Round responses

CELEBRITY COOKBOOKS
MARK YOUR CALENDARS
CONTEMPORARIES
THAT'S SHOE BIZ!
"ETTE" TOO
BRUTE, EH?
    $200 2
Greek

Martin
    $200 9
Groundhog's Day

Josh!
    $200 25
the Aztecs

Josh!
    $200 21
(Josh: What are Crocs?)

Top-Siders

Josh!Martin
    $200 12
a gazette

Martin
    $200 16
Mr. Hyde

Dean
    $400 3
(Dean: What is garlic bread?)
(Martin: What is pasta?)

antipasto

MartinDean
Triple Stumper
    $400 8
Good Friday

Martin
    $400 26
"Dixie"

Triple Stumper
    $400 22
Birkenstocks

Josh!
    $400 13
roulette

Josh!
    $400 17
Achilles

Dean
    $600 4
Paul Newman

Dean
    $600 7
(Dean: What is the dog?)

the monkey

Josh!Dean
    $600 27
[The end-of-round signal sounds.]

Molière

Martin
    $600 14
vinaigrette

Dean
    $600 18
The Girl with the Dragon Tattoo

Martin
    $800 5
Cuba

Josh!
    $1,000 6
Earth Day

Josh!
    $800 24
(Robert) Fulton

Martin
    $800 11
suffragettes

Martin
    $800 19
(Dean: Who is Fagin?)

Bill Sikes

Dean
Triple Stumper
    $1000 15
Sheryl Crow

Dean
    $1000 1
the United Nations

Martin
    $1000 23
(Alex: Correct, with less than a minute to go now.)

Peter the Great

Dean
    $1000 10
a silhouette

Josh!
    $1000 20
Kevin

Triple Stumper

Scores at the first commercial break (after clue 15):

Josh! Martin Dean
$4,000 $2,200 $1,200

Scores at the end of the Jeopardy! Round:

Josh! Martin Dean
$4,400 $4,400 $2,000

Double Jeopardy! Round responses

SCIENCE & GEOMETRY
COLLEGES & UNIVERSITIES
2015 ROCK HALL OF FAME INDUCTEES
ISLE-DYLLIC PLACES
THE GOOD OLD 1700s
HI, Q!
    $400 1
(Dean: What are cyclones?)

funnels

Josh!Dean
    $400 22
(Alex: Yes. The Blue Devils.)

Duke

Martin
    $400 24
Copenhagen

Dean
    $400 26
[The end-of-round signal sounds.]

Marie Antoinette

Josh!
    $400 19
acquittal

Josh!
    $800 3
(Josh: What is tungsten?)
(Martin: What is magnesium?)
(Dean: What is copper?)
...
(Alex: No harm, no foul.)

carbon

Josh!MartinDean
Triple Stumper
    $800 21
(Josh: What is Emerson?)

Amherst

Josh!Dean
    $800 23
(Alex: That isle a very popular tourist place--[*].)

the Isle of Capri

Triple Stumper
    $800 25
oxygen

Dean
    $800 18
Harlequin

Dean
    $1200 5
parallel

Martin
    $1200 8
San Diego

Martin
    $1200 10
(Martin: What is the Shetland?)

the Isle of Skye

Martin
Triple Stumper
    $3,000 17
Gulliver's Travels

Dean
    $1200 11
liquidity (liquid accepted)

Josh!
    $1600 4
the epicenter

Josh!
    $1600 6
(Alex: Yes. Just a couple of miles from here.)

Loyola Marymount

Josh!
    $1600 9
Isle Royale

Triple Stumper
    $1600 16
Methodist

Dean
    $3,500 13
the Basques

Dean
    $2000 2
a circle

Martin
    $2000 7
Spelman College

Dean
    $2000 20
Bill Withers

Triple Stumper
    $2000 15
the Isle of Wight

Triple Stumper
    $2000 12
Kosciuszko

Dean
    $2000 14
delinquent

Martin

Scores at the end of the Double Jeopardy! Round:

Josh! Martin Dean
$8,400 $9,200 $15,700

[wagering suggestions for these scores]

Final Jeopardy! Round responses

TODAY'S INTERNATIONAL FILM STARS
(Alex: [To Josh] Antonio Banderas, I do not believe, has ever won an Academy Award for acting.)
Josh!Who are Antonio Banderas + Penelope Cruz
$4,601
MartinWho is Antonia Banderas & Mrs. Banderas
$6,601
DeanWho are Bardem and Cruz?
$3,000
Penélope Cruz & Javier Bardem

Final scores:

Josh! Martin Dean
$3,799 $2,599 $18,700
2nd place: $2,000 3rd place: $1,000 New champion: $18,700

Game dynamics:

Coryat scores:

Josh! Martin Dean
$8,200 $9,200 $12,000
14 R
(including 1 DD),
3 W
14 R,
3 W
15 R
(including 2 DDs),
5 W

Combined Coryat: $29,400

The J! Archive is created by fans, for fans. The Jeopardy! game show and all elements thereof, including but not limited to copyright and trademark thereto, are the property of Jeopardy Productions, Inc. and are protected under law. This website is not affiliated with, sponsored by, or operated by Jeopardy Productions, Inc. Join the discussion at JBoard.tv.